Etudes de psychologie morbide (Record no. 55722)
[ view plain ]
| 000 -LEADER | |
|---|---|
| campo de control de longitud fija | 00549nam a2200181 i 4500 |
| 001 - NÚMERO DE CONTROL | |
| campo de control | 55722 |
| 003 - IDENTIFICADOR DE NÚMERO DE CONTROL | |
| campo de control | ES-MaACL |
| 005 - FECHA Y HORA DE LA ÚLTIMA TRANSACCIÓN | |
| campo de control | 20230906163215.0 |
| 007 - CAMPO FIJO DE DESCRIPCIÓN FÍSICA--INFORMACIÓN GENERAL | |
| campo de control de longitud fija | t| |
| 008 - DATOS DE LONGITUD FIJA--INFORMACIÓN GENERAL | |
| campo de control de longitud fija | 030925s1917 fr ||||1| fre d |
| 100 1# - ENTRADA PRINCIPAL--NOMBRE DE PERSONA | |
| Nombre de persona | Devaux, A. |
| 9 (RLIN) | 43990 |
| 245 10 - MENCIÓN DEL TÍTULO | |
| Título | Etudes de psychologie morbide |
| Resto del título | : les anxieux / |
| Mención de responsabilidad, etc. | etude clinique par A. Devaux et Logre ; preface du Dupré. |
| 260 ## - PUBLICACIÓN, DISTRIBUCIÓN, ETC. | |
| Lugar de publicación, distribución, etc. | Paris : |
| Nombre del editor, distribuidor, etc. | [s.n.], |
| Fecha de publicación, distribución, etc. | 1917 ( |
| Lugar de fabricación/manufactura | Chartres : |
| Fabricante | Durand) |
| 300 ## - DESCRIPCIÓN FÍSICA | |
| Extensión | XVI, 300 p. ; |
| Dimensiones | 21 cm. |
| 700 1# - ENTRADA AGREGADA--NOMBRE PERSONAL | |
| Nombre de persona | Logre. |
| 9 (RLIN) | 73127 |
| 700 1# - ENTRADA AGREGADA--NOMBRE PERSONAL | |
| Nombre de persona | Dupré. |
| 9 (RLIN) | 46117 |
| 852 ## - LOCALIZACIÓN | |
| Ubicación | ES-MaACL |
| Número de control de estantería | B-11750 |
| Estatus retirado | Estado de pérdida | Estado de daño | No para préstamo | Biblioteca de origen | Biblioteca actual | Ubicación en estantería | Fecha de adquisición | Fuente de adquisición | Total de préstamos | Signatura topográfica completa | Código de barras | Visto por última vez | Precio de reemplazo | Tipo de ítem Koha |
|---|---|---|---|---|---|---|---|---|---|---|---|---|---|---|
| Biblioteca del Ateneo de Madrid | Biblioteca del Ateneo de Madrid | Sala Pardo Bazán | 17/01/2008 | B-11750 | 1058535 | 23/02/2023 | 23/02/2023 | Libro impreso |
